[Event "Vesterhavsturneringen "]
[Site "Esbjerg"]
[Date "1979.07.21"]
[Round "13"]
[White "Knudsen, Per"]
[Black "Castro, Oscar"]
[Result "1/2-1/2"]
[WhiteElo "2390"]
[BlackElo "2430"]
[PlyCount "118"]
[EventDate "1979.??.??"]
[EventType "tourn"]
[EventCountry "DEN"]

1. Nf3 Nf6 2. c4 g6 3. g3 Bg7 4. Bg2 O-O 5. O-O d5 6. cxd5 Nxd5 7. Nc3 Nc6 8.
Nxd5 Qxd5 9. d3 Qb5 10. Rb1 a5 11. a4 Qh5 12. Bd2 e5 13. Qc2 Be6 14. b4 axb4
15. Bxb4 Rfb8 16. Bd2 Bh3 17. Rb5 Bxg2 18. Kxg2 Qg4 19. Rfb1 Qxa4 20. Qxa4 Rxa4
21. Rxb7 Rxb7 22. Rxb7 Ra7 23. Rb5 Kf8 24. Be3 Ra2 25. Rb7 Nd4 26. Rxc7 Rxe2
27. Ng5 f6 28. Rc8+ Ke7 29. Rc7+ Kf8 30. Kf1 fxg5 31. Bxd4 Rd2 32. Bc5+ Kg8 33.
Rd7 g4 34. Be3 Rc2 35. Kg2 h5 36. h3 gxh3+ 37. Kxh3 Bf6 38. Kg2 Ra2 39. Kf3 Ra4
40. Rc7 Kf8 41. Bh6+ Ke8 42. Bg7 Bxg7 43. Rxg7 Rg4 44. Ra7 Kf8 45. Rd7 Rg5 46.
Ke4 Rf5 47. f3 Rg5 48. f4 exf4 49. gxf4 Rf5 50. d4 Rf7 51. Rd8+ Ke7 52. Ra8 Rf8
53. Ra6 Kf7 54. Ra7+ Kf6 55. Ra6+ Kf7 56. d5 Re8+ 57. Kd4 Re1 58. Ra7+ Kf6 59.
Rh7 Rf1 1/2-1/2

[Event "Vesterhavsturneringen "]
[Site "Esbjerg"]
[Date "1979.07.21"]
[Round "13"]
[White "Mortensen, Erling"]
[Black "Kristiansen, Jens"]
[Result "1/2-1/2"]
[WhiteElo "2365"]
[BlackElo "2365"]
[PlyCount "27"]
[EventDate "1979.??.??"]
[EventType "tourn"]
[EventCountry "DEN"]

1. c4 Nf6 2. g3 c5 3. Bg2 Nc6 4. Nf3 b6 5. d4 cxd4 6. Nxd4 Bb7 7. O-O Qc8 8.
Nc3 Nxd4 9. Qxd4 Bxg2 10. Kxg2 Qc6+ 11. f3 e6 12. e4 d6 13. Be3 Be7 14. b3
1/2-1/2

[Event "Vesterhavsturneringen "]
[Site "Esbjerg"]
[Date "1979.07.21"]
[Round "13"]
[White "Hartston, William Roland"]
[Black "Fries Nielsen, Jens Ove"]
[Result "1/2-1/2"]
[WhiteElo "2485"]
[BlackElo "2310"]
[PlyCount "87"]
[EventDate "1979.??.??"]
[EventType "tourn"]
[EventCountry "DEN"]

1. d4 Nf6 2. c4 g6 3. Nc3 d5 4. Nf3 Bg7 5. cxd5 Nxd5 6. e4 Nxc3 7. bxc3 c5 8.
Bb5+ Bd7 9. Bxd7+ Qxd7 10. O-O cxd4 11. cxd4 O-O 12. Be3 Nc6 13. d5 Na5 14. Bd4
f6 15. Bc3 Nc4 16. Nd4 Rac8 17. Qb3 Nd6 18. Rfe1 Rc4 19. Bb2 Rfc8 20. Rad1 a5
21. Qd3 Qa4 22. a3 Nb5 23. Qh3 Nxd4 24. Rxd4 f5 25. Rxc4 Qxc4 26. Bxg7 Kxg7 27.
exf5 Qe4 28. Rf1 Qxf5 29. Qe3 Rc7 30. Rd1 Qf6 31. h3 Rc3 32. Qa7 Rxa3 33. Qxb7
Ra1 34. Rxa1 Qxa1+ 35. Kh2 Qe5+ 36. g3 a4 37. Qa7 Kf7 38. Qxa4 Qxd5 39. Qf4+
Kg7 40. Qe3 Kf7 41. h4 h5 42. Kg1 Kf6 43. Qh6 Kf7 44. Qe3 1/2-1/2

[Event "Vesterhavsturneringen "]
[Site "Esbjerg"]
[Date "1979.07.21"]
[Round "13"]
[White "Ost Hansen, Jacob"]
[Black "Westerinen, Heikki"]
[Result "0-1"]
[WhiteElo "2380"]
[BlackElo "2465"]
[PlyCount "136"]
[EventDate "1979.??.??"]
[EventType "tourn"]
[EventCountry "DEN"]

1. Nf3 Nf6 2. d4 g6 3. Bf4 Bg7 4. e3 d6 5. h3 O-O 6. Be2 c5 7. O-O Nc6 8. c3
Bf5 9. Qb3 Qb6 10. Nbd2 Ne4 11. Qxb6 axb6 12. Nxe4 Bxe4 13. Nd2 Bf5 14. d5 Ne5
15. Bxe5 dxe5 16. Bb5 Rad8 17. e4 Bh6 18. Nc4 Bxe4 19. Nxb6 Bxd5 20. Rfd1 Be6
21. Bd7 e4 22. Bxe6 Rxd1+ 23. Rxd1 fxe6 24. Re1 Rd8 25. a4 Rd2 26. Nc4 Rc2 27.
Kf1 e3 28. fxe3 Kf7 29. Re2 Rc1+ 30. Re1 Rc2 31. Rd1 Ke8 32. h4 g5 33. hxg5
Bxg5 34. g3 h5 35. e4 Rh2 36. Re1 Rc2 37. Re2 Rc1+ 38. Re1 Rc2 39. Re2 Rc1+ 40.
Kf2 Ra1 41. Na5 b6 42. Nc4 Kd8 43. Re1 Rxa4 44. Nxb6 Ra2 45. Nc4 h4 46. g4 Kc7
47. Re2 Ra8 48. Ne5 Rf8+ 49. Nf3 Rf4 50. Ke3 Rxg4+ 51. Nxg5 Rxg5 52. Kf4 Rh5
53. b3 h3 54. Rh2 Rh4+ 55. Ke5 Kc6 56. b4 cxb4 57. cxb4 Kb5 58. Kxe6 Rxe4+ 59.
Kf5 Rh4 60. Kg5 Rh8 61. Kg6 Kxb4 62. Kg7 Rh4 63. Kf7 Kc3 64. Kxe7 Kd3 65. Kf6
Ke4 66. Kg5 Rh8 67. Kg4 Rg8+ 68. Kh4 Kf3 0-1

[Event "Vesterhavsturneringen "]
[Site "Esbjerg"]
[Date "1979.07.21"]
[Round "13"]
[White "Sigurjonsson, Gudmundur"]
[Black "Fedder, Steen"]
[Result "1-0"]
[WhiteElo "2490"]
[BlackElo "2415"]
[PlyCount "48"]
[EventDate "1979.??.??"]
[EventType "tourn"]
[EventCountry "DEN"]

1. Nf3 Nf6 2. g3 d5 3. Bg2 e6 4. O-O c5 5. d4 Nc6 6. c4 dxc4 7. Qa4 Bd7 8. Qxc4
b5 9. Qd3 c4 10. Qc2 Rc8 11. e4 Be7 12. Qe2 O-O 13. Rd1 Na5 14. Ne5 b4 15. d5
exd5 16. Nxd7 Qxd7 17. e5 d4 18. exf6 Bxf6 19. Qh5 Qa4 20. Nd2 g6 21. Qf3 Bg7
22. Nxc4 Nxc4 23. b3 Qa5 24. bxc4 Rxc4 1-0

[Event "Vesterhavsturneringen "]
[Site "Esbjerg"]
[Date "1979.07.21"]
[Round "13"]
[White "Vadasz, Laszlo"]
[Black "Mestel, Jonathan"]
[Result "1-0"]
[WhiteElo "2490"]
[BlackElo "2475"]
[PlyCount "99"]
[EventDate "1979.??.??"]
[EventType "tourn"]
[EventCountry "DEN"]

1. Nf3 g6 2. d4 Bg7 3. c4 d6 4. g3 Nf6 5. Bg2 O-O 6. O-O c6 7. Nc3 Qa5 8. h3 e5
9. e4 exd4 10. Nxd4 Qc5 11. Be3 Qxc4 12. a3 Qa6 13. b4 Bd7 14. Re1 b6 15. Kh2
Ne8 16. Qd2 Qc8 17. Bh6 a6 18. Bxg7 Kxg7 19. Nc2 f6 20. f4 Ra7 21. Rac1 Be6 22.
Nd4 Qd7 23. h4 Bg4 24. f5 Nc7 25. Qf4 c5 26. Qxg4 cxd4 27. Nd5 Nc6 28. Nxb6 Ne5
29. Qd1 Qd8 30. Qxd4 Nb5 31. Qg1 Rb7 32. Nd5 Nd3 33. Nf4 Nxf4 34. gxf4 Rc7 35.
Bh3 Qc8 36. fxg6 Rc2+ 37. Rxc2 Qxc2+ 38. Kh1 Qc3 39. gxh7+ Kh8 40. Re3 Qd4 41.
Bf5 d5 42. h5 Qa7 43. exd5 Nd6 44. Be6 Qxh7 45. Qg6 Qxg6 46. hxg6 f5 47. Rc3
Kg7 48. Rc6 Rd8 49. Rxa6 Kxg6 50. Kg2 1-0